| 000 | 00683nam a22002057a 4500 | ||
|---|---|---|---|
| 003 | OSt | ||
| 005 | 20251204103138.0 | ||
| 008 | 251204b |||||||| |||| 00| 0 eng d | ||
| 040 |
_aDWC-Main lib _cOC |
||
| 082 | _aFil. 264.020 C559n 2011 | ||
| 100 | _aChopungco, Anscar J. | ||
| 245 |
_aThe new English translation of the Roman Missal: _ba catechetical primer/ _cAnscar J. Chupungco |
||
| 260 |
_aManila: _b Archdiocesan Liturgical Commission , _cc2011. |
||
| 300 |
_a95 pages : _b illustrations ; _c 21cm. |
||
| 650 | _a1. Catholic church | ||
| 650 | _a2. Liturgical -- texts | ||
| 650 | _a3. Mass-- celebration | ||
| 650 | _a4. Missals | ||
| 942 |
_2ddc _cBK - FIL _kFil. _n0 |
||
| 999 |
_c6805 _d6805 |
||